000 00689nam a2200181 a 4500
001 000039220
005 20201002031540.0
008 130611s1987 sp 000 0 spa d
020 _a8400066618
040 _aDO-SdBNP
_bspa
_cBNPHU
100 1 _aDíez Merino, Luis
_965421
245 1 0 _aTargum de Qohelet :
_bedición príncipe del Ms. Villa-Amil n. 5 de Alfonso de Zamora /
_cLuis Díez Merino.
260 _aMadrid :
_bConsejo Superior de Investigaciones Científicas,
_c1987.
300 _a405 p. ;
_c26 cm.
490 1 _aBiblioteca Hispana bíblica
_v13
500 _aTexto en arameo, con traducción latina y comentarios en español
830 0 _aBiblioteca Hispana bíblica
_v13
_965422
999 _c38710
_d38710